Normal view
MARC view
Entry Nombre personal
001 - NÚMERO DE CONTROL
- campo de control: 28071
003 - IDENTIFICADOR DE NÚMERO DE CONTROL
- campo de control: OSt
005 - FECHA Y HORA DE LA ÚLTIMA TRANSACCIÓN
- campo de control: 20250731174926.0
008 - ELEMENTOS DE DATO DE LONGITUD-FIJA
- campo de control de longitud fija: 030304 n acnnnaaan n ann d
040 ## - FUENTE DE CATALOGACIÓN
- Centro catalogador/agencia de origen: OSt
- Centro/agencia transcriptor: OSt
100 00 - ENCABEZAMIENTO-NOMBRE DE PERSONA
- Nombre de persona: Berlitz, Maximilian Delphinus,
- Fechas asociadas al nombre: 1852-1921
400 00 - TRAZADO DE VÉASE--NOMBRE DE PERSONA
- Nombre de persona: Berlitz, M. D.
